Strategic management practices / (Record no. 14111)
[ view plain ]
| 000 -LEADER | |
|---|---|
| fixed length control field | 00405cam a22001574a 4500 |
| 020 ## - ISBN | |
| Cancelled/invalid ISBN | 9789966707689 |
| 050 00 - LIBRARY OF CONGRESS CALL NUMBER | |
| Classification Number | HD30.28 |
| Item Number | .Y33 2010 |
| 100 1# - MAIN ENTRY--Author | |
| Personal name | Yabs, John. |
| 245 10 - TITLE | |
| Title | Strategic management practices / |
| Statement of responsibility, etc | by John Yabs. |
| 250 ## - EDITIONSTATEMENT | |
| Edition statement | 2nd ed. |
| 260 ## - PUBLICATION, DISTRIBUTION, ETC.(IMPRINT) | |
| Place of publication, distribution, etc | Nairobi : |
| Name of publisher, distributor, etc | Lelax Global (K) Ltd., |
| Date of publication, distribution, etc | 2010. |
| 300 ## - PHYSICAL DESCRIPTION | |
| Extent | xxix, 314 p. : |
| 650 #0 - SUBJECT--TOPIC | |
| Form subdivision | Case studies. |
| 700 ## - ADDED ENTRY--PERSONAL AUTHOR | |
| Personal Name | Yabs john |
| 942 ## - ADDED ENTRY ELEMENTS(KOHA) | |
| Source of classification or shelving scheme | Library of Congress Classification |
| Koha item type | General circulation |
| Source of classification or shelving scheme | Not for loan | Location (home branch) | Sublocation (holding branch) | Date accessioned | Source of acquisition | Cost, normal purchase price | Full call number | Barcode | Cost, replacement price | Koha item type | Public note |
|---|---|---|---|---|---|---|---|---|---|---|---|
| Library of Congress Classification | Kitui Town Campus Library | Kitui Town Campus Library | 17/05/2016 | Purchase | 3500.00 | HD 30.28 .Y33 2010 | 2024/027657 | 4000.00 | General circulation | jm |